<?xml version="1.0" encoding="UTF-8"?><?xml-stylesheet type="text/xsl" href="static/style.xsl"?><OAI-PMH xmlns="http://www.openarchives.org/OAI/2.0/" xmlns:xsi="http://www.w3.org/2001/XMLSchema-instance" xsi:schemaLocation="http://www.openarchives.org/OAI/2.0/ http://www.openarchives.org/OAI/2.0/OAI-PMH.xsd"><responseDate>2026-04-28T19:11:34Z</responseDate><request verb="GetRecord" identifier="oai:riubu.ubu.es:10259/4296" metadataPrefix="marc">https://riubu.ubu.es/oai/request</request><GetRecord><record><header><identifier>oai:riubu.ubu.es:10259/4296</identifier><datestamp>2022-04-29T12:02:46Z</datestamp><setSpec>com_10259_4292</setSpec><setSpec>com_10259_5086</setSpec><setSpec>com_10259_2604</setSpec><setSpec>com_10259.4_2516</setSpec><setSpec>col_10259_4293</setSpec><setSpec>col_10259.4_2517</setSpec></header><metadata><record xmlns="http://www.loc.gov/MARC21/slim" xmlns:doc="http://www.lyncode.com/xoai" xmlns:xsi="http://www.w3.org/2001/XMLSchema-instance" xmlns:dcterms="http://purl.org/dc/terms/" xsi:schemaLocation="http://www.loc.gov/MARC21/slim http://www.loc.gov/standards/marcxml/schema/MARC21slim.xsd">
<leader>00925njm 22002777a 4500</leader>
<datafield tag="042" ind1=" " ind2=" ">
<subfield code="a">dc</subfield>
</datafield>
<datafield tag="720" ind1=" " ind2=" ">
<subfield code="a">García Lomillo, Javier</subfield>
<subfield code="e">author</subfield>
</datafield>
<datafield tag="720" ind1=" " ind2=" ">
<subfield code="a">González San José, Mª Luisa</subfield>
<subfield code="e">author</subfield>
</datafield>
<datafield tag="720" ind1=" " ind2=" ">
<subfield code="a">Pino García, Raquel del</subfield>
<subfield code="e">author</subfield>
</datafield>
<datafield tag="720" ind1=" " ind2=" ">
<subfield code="a">Rivero Pérez, Maria Dolores</subfield>
<subfield code="e">author</subfield>
</datafield>
<datafield tag="720" ind1=" " ind2=" ">
<subfield code="a">Muñiz Rodríguez, Pilar</subfield>
<subfield code="e">author</subfield>
</datafield>
<datafield tag="260" ind1=" " ind2=" ">
<subfield code="c">2014-12</subfield>
</datafield>
<datafield tag="520" ind1=" " ind2=" ">
<subfield code="a">Wine pomace (WP) is one of the agricultural byproducts that has received most attention from food scientists due&#xd;
to the wide range of interesting compounds that remain after the winemaking process. Different powdered products rich in&#xd;
phenolic compounds, with interesting antioxidant and antimicrobial activities, were obtained from WP by applying processes that&#xd;
are both environmentally friendly and economically affordable for the food industry. The products obtained showed high global&#xd;
antioxidant activities (ABTS assay), successfully delayed the onset of lipid oxidation in the Rancimat test, and showed different&#xd;
antimicrobial properties. Products derived from seed-free WP showed bactericidal effects against total aerobic mesophilic bacteria&#xd;
(TAMB) and lactic acid bacteria (LAB) and inhibited Enterobacteriaceae growth completely. The product derived from whole&#xd;
WP presented bacteriostatic activity against the three microorganism groups tested, whereas the product obtained from grape seed promoted TAMB and LAB growth but delayed Enterobacteriaceae proliferation.</subfield>
</datafield>
<datafield tag="024" ind2=" " ind1="8">
<subfield code="a">0021-8561</subfield>
</datafield>
<datafield tag="024" ind2=" " ind1="8">
<subfield code="a">http://hdl.handle.net/10259/4296</subfield>
</datafield>
<datafield ind1=" " ind2=" " tag="653">
<subfield code="a">wine byproducts</subfield>
</datafield>
<datafield ind1=" " ind2=" " tag="653">
<subfield code="a">antioxidant capacity</subfield>
</datafield>
<datafield ind1=" " ind2=" " tag="653">
<subfield code="a">Rancimat</subfield>
</datafield>
<datafield ind1=" " ind2=" " tag="653">
<subfield code="a">antimicrobial activity</subfield>
</datafield>
<datafield ind1=" " ind2=" " tag="653">
<subfield code="a">spoilage population</subfield>
</datafield>
<datafield tag="245" ind1="0" ind2="0">
<subfield code="a">Antioxidant and Antimicrobial Properties of Wine Byproducts and Their Potential Uses in the Food Industry</subfield>
</datafield>
</record></metadata></record></GetRecord></OAI-PMH>